LEADER 01100nam0 22002891i 450 001 VAN0021728 005 20040817120000.0 100 $a20040817f 1993 |0itac50 ba 101 $aita 102 $aIT 105 $a|||| ||||| 200 1 $aˆLe ‰ville del Salento$e1870-1930$fCiro Robotti$gcon contributi di Antonio Monte, Pasquale Tunzi 210 $aSan Salvo$cDi Rico 215 $av.$d28 cm 606 $aVille$xSalento$x1870-1930$3VANC010442$2FI 620 $dSan Salvo$3VANL000238 676 $a728.840945753$v21 700 1$aRobotti$bCiro$3VANV018015$010849 702 1$aMonte$bAntonio$3VANV018020 702 1$aTunzi$bPasquale$3VANV018021 712 $aDi Rico$3VANV108605$4650 801 $aIT$bSOL$c20230616$gRICA 899 $aBIBLIOTECA DEL DIPARTIMENTO DI ARCHITETTURA E DISEGNO INDUSTRIALE$1IT-CE0107$2VAN01 912 $aVAN0021728 950 $aBIBLIOTECA DEL DIPARTIMENTO DI ARCHITETTURA E DISEGNO INDUSTRIALE$d01PREST IDc72 $e01 2656 20051006 996 $aVille del Salento$91428516 997 $aUNICAMPANIA LEADER 01112nam0 22002891i 450 001 VAN00034074 005 20240806100354.325 010 $a88-404-4019-4 100 $a20050316d1993 |0itac50 ba 101 $aita 102 $aIT 105 $a|||| ||||| 200 1 $aˆI ‰tessili$edegrado e restauro$fFrancesco Pertegato 210 $aFirenze$cNardini$d[1993] 215 $a206 p.$cill.$d21 cm. 410 1$1001VAN00027423$12001 $aArte e restauro. Strumenti$1210 $aFirenze$cNardini$d1991-.$v7 606 $aStoffe$xRestauro$3VANC015278$2FI 620 $dFirenze$3VANL000014 676 $a746.0288$v21 700 1$aPertegato$bFrancesco$3VANV028672$066858 712 $aNardini $3VANV108678$4650 801 $aIT$bSOL$c20240906$gRICA 899 $aBIBLIOTECA DEL DIPARTIMENTO DI ARCHITETTURA E DISEGNO INDUSTRIALE$1IT-CE0107$2VAN01 912 $aVAN00034074 950 $aBIBLIOTECA DEL DIPARTIMENTO DI ARCHITETTURA E DISEGNO INDUSTRIALE$d01PREST IIFb120 $e01 5296 20050316 996 $aTessili$9920466 997 $aUNICAMPANIA